Quizzes
Events
Quiz Creation
Community
Videos
Private Events
Remove Ads
Sign In
Join for FREE
Feedback
Dark Mode
Quiz Categories
Sports
Geography
Music
Movies
Television
Just For Fun
Miscellaneous
History
Literature
Language
Science
Gaming
Entertainment
Religion
Holiday
For Kids
Quiz Lab
Recent
Popular Today
Quiz Kudos Today
Editor Picks
Curator Picks
Quizzes by...
Day
Popularity
Type
Ratings
Length
Year
Community
Subscriptions
Recent Discussions
Orange Saloon
Badges
Playlists
Quests
Create
Leaderboards
Showdown
Live 5
Trivia Bingo
Activity
Puzzle Library
Sporcle Events
Private Events
Virtual Trivia
Globe League
Become a Host
Pub Owners
SporcleCon
Opinionation
Our Games
Videos
Blog
Mobile Apps
Partnerships
Remove Ads and Go Orange
Feedback
Geography
Country
Landmarks
City
State
Population
World
Capital
Continent
Flags
Europe
Africa
Asia
South America
North America
Oceania
Border
Canada
United Kingdom
Topography
United States
Geography
Country
Landmarks
City
State
Population
World
Capital
Continent
Flags
Europe
Africa
Asia
South America
North America
Oceania
Border
Canada
United Kingdom
Topography
United States
Random Quiz
Search Sporcle
×
Quiz Lab
Quiz Lab
Geography
Europe
Type in answers that appear in a list
Type in answers that appear in a list
Classic
Best Score? Go Orange.
60 Second Blitz: NO 'A' at the end Stats
Can you name the European Countries that do NOT end in 'A'?
By
BieneMaja
60s
29 Questions
1,839 Plays
1,839 Plays
1,839 Plays
Comments
Comments
Give Quiz Kudos
Give Quiz Kudos
-
- Ratings
hide this ad
More Info
Replay
Link that replays current quiz
Next Quiz
Link to next quiz in quiz playlist
You Got
0%
They Got
Avg Score
63%
Avg Friend Score
Upgrade to see
Score Distribution
Jump to the score distribution portion of the page
Score
0/29
Timer
01:00
0
Plays Today
First Letter
Country
% Correct
F
France
85.8%
U
United Kingdom
82.8%
F
Finland
82.6%
G
Germany
80.7%
S
Spain
79.6%
B
Belgium
78.9%
I
Ireland
77%
N
Norway
76.9%
S
Sweden
76.8%
I
Italy
76.7%
P
Portugal
75%
D
Denmark
72.7%
I
Iceland
69.9%
G
Greece
64.6%
P
Poland
61.5%
First Letter
Country
% Correct
B
Belarus
60.7%
L
Luxembourg
59.3%
N
Netherlands
57.1%
V
Vatican City
56.2%
H
Hungary
55.7%
S
Switzerland
54%
L
Liechtenstein
50.4%
U
Ukraine
49.6%
T
Turkey
49%
C
Cyprus
48.9%
C
Czech Republic
46%
M
Monaco
44.1%
S
San Marino
41.1%
M
Montenegro
36.6%
Quiz Playlist
Details
Report
Send in Message
Add To Playlist
More Info:
There are also a couple of bonus answers!
Classic:
Type in answers that appear in a list
Quiz Source
Last Updated: Apr 12, 2017
Quiz Scoreboard
CHALLENGE
Sign Up to Join the Scoreboard
Show All
Scores
Hide
Comments
May contain spoilers
Recently Published
College Basketball Coaching Resumes
by pancakes188
Sports
9m
Billboard Blitz: Fleetwood Mac
by CooCooCachoo
Music
15s
Presidents Visiting Landmarks
by Hejman
History
7m
More to Explore
Quiz From the Vault
Featured Blog Post
Where Did the Easter Bunny Come From?
hide this ad
You Might Also Like...
Tags
Blitz Quiz
Country Quiz
Europe Quiz
Letter Quiz
end
second
Today's Top Quizzes in Geography
Browse Geography
hide this ad
Today's Top Quizzes in Europe
Browse Europe
Top Contributed Quizzes in Geography
1
Countries of the World - No Outlines Minefield
2
Top 25 Cities of France on a map
3
Any capital of a 'B' country per Continent
4
Any capital of a 'C' country per Continent
5
Closest Countries to UK A-Z
6
Any capital of a 'D' country per Continent
7
5-to-1: US Geography No Hints
8
Any capital of an 'E' country per Continent
9
Any capital of an 'F' country per Continent
10
One Thing in Common: United Kingdom
Explore More
Trending Topics
Marvel
Kpop
Harry Potter
Anime
Crossword
NBA
Disney
Soccer
The Office
NFL
WWE
Puzzle
Pokémon
Song
Country
hide this ad
More By:
BieneMaja
Quiz
Plays
Rating
Category
Featured
Created
European Geography Bunker
1,773,463
3.65
Geography
Mar 13, 2012
Non '-A' Countries per Letter
146,645
4.19
Geography
Aug 9, 2010
Find That Country 6 (Hot/Cold)
4,165
4.53
Geography
Mar 18, 2012
Trip Through Europe
3,779
3.55
Geography
Apr 11, 2012
Car brands from A to Z
3,473
3.53
Miscellaneous
Jul 31, 2010
Go to Creator's Profile
Score Distribution
Quiz Creator Spotlight
BieneMaja
Follow
Send a Message
Quizzes Created
-
Created Quiz Play Count
-
More By This Creator
Popular Quizzes Today
1
Find the US States - No Outlines Minefield
2
Find the Countries of Europe - No Outlines Minefield
3
The Countries of the World
4
Find the US States
5
Risky Map Clicking: Biggest States A-Z
6
US States
7
Popular People in 1961
8
Movies - When Are They Set?
More Geography Quizzes
'G' Countries In Alphabetical Order by Flag
Quiz Lab
Trending Quizzes
Risky Map Clicking: Least Populous States A-Z
1-10 Letter G Words
1-10 Letter F Words
Risky Map Clicking: Next State Alphabetically
Risky Map Clicking: Biggest States A-Z
Recently Updated
Leaping Animals
pecheneg
Reality TV Shows (A-Z)
bhenderson79
Rickey Henderson's Hall of Fame Teammates
pecheneg
Champions League XIs: Arsenal
pecheneg
Quick Pick: Celebrities in WWE's Hall of Fame
aduchscher
A-Z Keypad Blitz II
pecheneg
Multiple Oscar Actors
pecheneg
Mystery Phrase Blitz: Oscar 'Best Actors'
pecheneg
F. Scott Fitzgerald Novels
LTH
Pick 3 Villains
ddd62291
Trending Topics
Disney
Crossword
Kpop
Marvel
Harry Potter
NBA
Anime
Pokémon
Country
Puzzle
The Office
WWE
Soccer
Song
NFL
Your Account Isn't Verified!
In order to create a playlist on Sporcle, you need to verify the email address you used during registration. Go to your
Sporcle Settings
to finish the process.
Report this User
Report this user for behavior that violates our
Community Guidelines
.
Details:
Send Report
Go to the Sporcle.com Mobile Site →
Comments